Statistics for Countries with most Gold Medals in Badminton Championships

Click here to take the quiz!

General Stats

  • This quiz has been taken 226 times
  • The average score is 7 of 10

Answer Stats

#Country% Correct
61China
100%
1Japan
94%
21Indonesia
91%
10South Korea
91%
10Denmark
85%
1Thailand
66%
2Spain
65%
1United States
56%
3England
35%
2Sweden
19%

Score Distribution

Percentile by Number Answered

Percent of People with Each Score

Your Score History

You have not taken this quiz